000
00303nam a22001337a 4500
020
_a
978-81-237-4822-1
082
_a
823
_b
VER/U
100
_a
VERMA, ABHILASH
245
_a
UNUSAL COURAGE
260
_a
NEW DELHI
_b
NATIONAL BOOKN TRUST INDIA
_c
2020
300
_a
24
520
_a
SHORT STORY
942
_c
BK
999
_c
6830
_d
6830